002380000a220007300045001000017000002450056000173000045000737730046001181 aMathews, Ed.10aYahweh and the Gods : A theology fo world religions aVol. 14, Núm 1 (1997), Páginas 27-320 tInternational Journal of Frontier Misions